[Event "April 9 Early 2024"]
[Site "Chess.com"]
[Date "2024.04.09"]
[Round "2"]
[White "Banerjee, Supratit"]
[Black "Poormosavi, Seyed Kian"]
[Result "0-1"]
[Board "83"]
[WhiteFideId "2410079"]
[BlackFideId "12585807"]
[WhiteTitle "CM"]
[BlackTitle "IM"]
[WhiteElo "2566"]
[BlackElo "2809"]
[WhiteTeam "ENG"]
[BlackTeam "IRI"]
[WhiteClock "0:00:08"]
[BlackClock "0:01:10"]
[Variant "Standard"]

1. d4 {[%clk 0:03:00]}  Nf6 {[%clk 0:02:59]} 2. c4 {[%clk 0:03:00]}  b6 {[%clk 0:02:59]} 3. Nc3 {[%clk 0:03:00]}  Bb7 {[%clk 0:02:59]} 4. Nf3 {[%clk 0:03:00]}  d5 {[%clk 0:03:00]} 5. e3 {[%clk 0:02:59]}  e6 {[%clk 0:03:00]} 6. Be2 {[%clk 0:03:00]}  Nbd7 {[%clk 0:03:00]} 7. O-O {[%clk 0:03:00]}  Be7 {[%clk 0:03:00]} 8. Ne5 {[%clk 0:03:00]}  O-O {[%clk 0:03:01]} 9. f4 {[%clk 0:02:58]}  c5 {[%clk 0:03:00]} 10. cxd5 {[%clk 0:02:57]}  Nxd5 {[%clk 0:02:59]} 11. Nxd5 {[%clk 0:02:54]}  Bxd5 {[%clk 0:02:59]} 12. Bf3 {[%clk 0:02:50]}  Bxf3 {[%clk 0:02:57]} 13. Qxf3 {[%clk 0:02:48]}  cxd4 {[%clk 0:02:56]} 14. Nc6 {[%clk 0:02:47]}  Qe8 {[%clk 0:02:57]} 15. Nxd4 {[%clk 0:02:42]}  Bf6 {[%clk 0:02:56]} 16. Nb5 {[%clk 0:02:38]}  Qe7 {[%clk 0:02:45]} 17. Kh1 {[%clk 0:02:30]}  a6 {[%clk 0:02:42]} 18. Nc3 {[%clk 0:02:18]}  Bxc3 {[%clk 0:02:41]} 19. bxc3 {[%clk 0:02:19]}  Rac8 {[%clk 0:02:41]} 20. Bb2 {[%clk 0:02:16]}  Nc5 {[%clk 0:02:40]} 21. a4 {[%clk 0:02:10]}  Rfd8 {[%clk 0:02:39]} 22. c4 {[%clk 0:02:00]}  Rd3 {[%clk 0:02:20]} 23. a5 {[%clk 0:01:39]}  Nb3 {[%clk 0:02:14]} 24. axb6 {[%clk 0:00:52]}  Nxa1 {[%clk 0:02:07]} 25. Bxa1 {[%clk 0:00:52]}  Rb3 {[%clk 0:02:01]} 26. Bd4 {[%clk 0:00:46]}  Rxc4 {[%clk 0:02:01]} 27. Qa8+ {[%clk 0:00:42]}  Qf8 {[%clk 0:02:00]} 28. Qxa6 {[%clk 0:00:42]}  Rcb4 {[%clk 0:01:58]} 29. h3 {[%clk 0:00:38]}  f6 {[%clk 0:01:50]} 30. Kh2 {[%clk 0:00:35]}  Qd6 {[%clk 0:01:45]} 31. Qc8+ {[%clk 0:00:26]}  Kf7 {[%clk 0:01:45]} 32. Rc1 {[%clk 0:00:22]}  Rxd4 {[%clk 0:01:40]} 33. exd4 {[%clk 0:00:20]}  Rxb6 {[%clk 0:01:34]} 34. Qc7+ {[%clk 0:00:15]}  Kg6 {[%clk 0:01:33]} 35. Qxd6 {[%clk 0:00:15]}  Rxd6 {[%clk 0:01:34]} 36. Rc4 {[%clk 0:00:15]}  Kf5 {[%clk 0:01:35]} 37. Kg3 {[%clk 0:00:15]}  Ra6 {[%clk 0:01:31]} 38. Rc7 {[%clk 0:00:15]}  Ra3+ {[%clk 0:01:29]} 39. Kh2 {[%clk 0:00:15]}  g6 {[%clk 0:01:29]} 40. Rxh7 {[%clk 0:00:15]}  Kxf4 {[%clk 0:01:30]} 41. Rh6 {[%clk 0:00:15]}  Kf5 {[%clk 0:01:27]} 42. h4 {[%clk 0:00:14]}  Rd3 {[%clk 0:01:25]} 43. g4+ {[%clk 0:00:13]}  Kxg4 {[%clk 0:01:25]} 44. Rxg6+ {[%clk 0:00:13]}  Kf5 {[%clk 0:01:26]} 45. Rg1 {[%clk 0:00:11]}  Rxd4 {[%clk 0:01:27]} 46. Kh3 {[%clk 0:00:11]}  Rd3+ {[%clk 0:01:25]} 47. Kh2 {[%clk 0:00:12]}  e5 {[%clk 0:01:26]} 48. h5 {[%clk 0:00:12]}  Rd7 {[%clk 0:01:21]} 49. Kh3 {[%clk 0:00:11]}  e4 {[%clk 0:01:18]} 50. Kh4 {[%clk 0:00:11]}  e3 {[%clk 0:01:16]} 51. Kg3 {[%clk 0:00:11]}  Ke4 {[%clk 0:01:15]} 52. Rh1 {[%clk 0:00:08]}  Rg7+ {[%clk 0:01:14]} 53. Kh4 {[%clk 0:00:07]}  f5 {[%clk 0:01:15]} 54. h6 {[%clk 0:00:08]}  Rg8 {[%clk 0:01:10]} 55. Kh5 {[%clk 0:00:08]}  f4 {[%clk 0:01:07]} 56. h7 {[%clk 0:00:07]}  Rh8 {[%clk 0:01:07]} 57. Kg6 {[%clk 0:00:07]}  e2 {[%clk 0:01:06]} 58. Kg7 {[%clk 0:00:03]}  Rxh7+ {[%clk 0:01:06]} 59. Kxh7 {[%clk 0:00:03]}  f3 {[%clk 0:01:06]} 60. Kg6 {[%clk 0:00:03]}  f2 {[%clk 0:01:06]} 61. Kg5 {[%clk 0:00:04]}  f1=Q {[%clk 0:01:06]} 62. Rxf1 {[%clk 0:00:05]}  exf1=Q {[%clk 0:01:07]} 63. Kg6 {[%clk 0:00:06]}  Qf5+ {[%clk 0:01:08]} 64. Kg7 {[%clk 0:00:06]}  Ke5 {[%clk 0:01:08]} 65. Kh6 {[%clk 0:00:07]}  Qg4 {[%clk 0:01:08]} 66. Kh7 {[%clk 0:00:07]}  Kf6 {[%clk 0:01:09]} 67. Kh8 {[%clk 0:00:08]}  Qg7# {[%clk 0:01:10]} 0-1

[Event "April 9 Early 2024"]
[Site "Chess.com"]
[Date "2024.04.09"]
[Round "2"]
[White "Ladan, Nicholas"]
[Black "Shirov, Alexei"]
[Result "0-1"]
[Board "85"]
[WhiteFideId "30918855"]
[BlackFideId "2209390"]
[BlackTitle "GM"]
[WhiteElo "2563"]
[BlackElo "2804"]
[WhiteTeam "USA"]
[BlackTeam "ESP"]
[WhiteClock "0:00:00"]
[BlackClock "0:00:57"]
[Variant "Standard"]

1. d4 {[%clk 0:02:58]}  d5 {[%clk 0:02:59]} 2. Bf4 {[%clk 0:02:58]}  Nf6 {[%clk 0:02:58]} 3. e3 {[%clk 0:02:58]}  c5 {[%clk 0:02:58]} 4. Nf3 {[%clk 0:02:58]}  Nc6 {[%clk 0:02:56]} 5. Nbd2 {[%clk 0:02:58]}  Qb6 {[%clk 0:02:56]} 6. dxc5 {[%clk 0:02:58]}  Qxb2 {[%clk 0:02:57]} 7. Rb1 {[%clk 0:02:56]}  Qc3 {[%clk 0:02:57]} 8. Bb5 {[%clk 0:02:56]}  g6 {[%clk 0:02:56]} 9. O-O {[%clk 0:02:56]}  Bg7 {[%clk 0:02:55]} 10. e4 {[%clk 0:02:48]}  dxe4 {[%clk 0:02:48]} 11. Be5 {[%clk 0:02:47]}  Qxc5 {[%clk 0:02:36]} 12. Nxe4 {[%clk 0:02:46]}  Nxe4 {[%clk 0:02:34]} 13. Bxg7 {[%clk 0:02:46]}  Rg8 {[%clk 0:02:21]} 14. Bd4 {[%clk 0:02:24]}  Qd6 {[%clk 0:02:16]} 15. Re1 {[%clk 0:02:21]}  f5 {[%clk 0:02:10]} 16. c3 {[%clk 0:02:02]}  Bd7 {[%clk 0:01:53]} 17. Qb3 {[%clk 0:01:56]}  Rf8 {[%clk 0:01:44]} 18. Red1 {[%clk 0:01:47]}  Qe6 {[%clk 0:01:17]} 19. Bc4 {[%clk 0:01:42]}  Nxd4 {[%clk 0:01:17]} 20. Nxd4 {[%clk 0:01:40]}  Qb6 {[%clk 0:01:16]} 21. Bb5 {[%clk 0:01:21]}  Bxb5 {[%clk 0:01:14]} 22. Nxb5 {[%clk 0:01:19]}  Qxf2+ {[%clk 0:01:13]} 23. Kh1 {[%clk 0:01:17]}  Qc5 {[%clk 0:01:13]} 24. Rd4 {[%clk 0:00:34]}  a6 {[%clk 0:01:13]} 25. Na3 {[%clk 0:00:13]}  Qxc3 {[%clk 0:01:11]} 26. Qxc3 {[%clk 0:00:07]}  Nxc3 {[%clk 0:01:10]} 27. Rxb7 {[%clk 0:00:08]}  Kf7 {[%clk 0:01:05]} 28. Rdd7 {[%clk 0:00:07]}  Rfe8 {[%clk 0:01:03]} 29. Nc4 {[%clk 0:00:07]}  Rad8 {[%clk 0:00:59]} 30. Nd6+ {[%clk 0:00:07]}  Ke6 {[%clk 0:00:58]} 31. Nxe8 {[%clk 0:00:04]}  Rxd7 {[%clk 0:00:58]} 32. Ng7+ {[%clk 0:00:04]}  Kd6 {[%clk 0:00:58]} 33. Ne8+ {[%clk 0:00:02]}  Kc6 {[%clk 0:00:58]} 34. Rxd7 {[%clk 0:00:00]}  Kxd7 {[%clk 0:00:57]} 0-1

[Event "April 9 Early 2024"]
[Site "Chess.com"]
[Date "2024.04.09"]
[Round "2"]
[White "Daaevik Wadhawan"]
[Black "Kushko, Dmitriy"]
[Result "1/2-1/2"]
[Board "87"]
[WhiteFideId "45015724"]
[BlackFideId "14162261"]
[WhiteTitle "FM"]
[BlackTitle "IM"]
[WhiteElo "2563"]
[BlackElo "2802"]
[WhiteTeam "IND"]
[BlackTeam "UKR"]
[WhiteClock "0:00:04"]
[BlackClock "0:00:46"]
[Variant "Standard"]

1. d4 {[%clk 0:02:55]}  g6 {[%clk 0:03:00]} 2. e4 {[%clk 0:02:53]}  Bg7 {[%clk 0:03:00]} 3. Nf3 {[%clk 0:02:52]}  d6 {[%clk 0:03:00]} 4. Bd3 {[%clk 0:02:51]}  Nc6 {[%clk 0:02:59]} 5. c3 {[%clk 0:02:51]}  e5 {[%clk 0:03:00]} 6. d5 {[%clk 0:02:47]}  Nce7 {[%clk 0:02:59]} 7. O-O {[%clk 0:02:47]}  f5 {[%clk 0:02:59]} 8. c4 {[%clk 0:02:46]}  Nf6 {[%clk 0:02:56]} 9. Nc3 {[%clk 0:02:46]}  O-O {[%clk 0:02:56]} 10. Ng5 {[%clk 0:02:30]}  f4 {[%clk 0:02:53]} 11. b4 {[%clk 0:02:07]}  h6 {[%clk 0:02:44]} 12. Ne6 {[%clk 0:02:07]}  Bxe6 {[%clk 0:02:44]} 13. dxe6 {[%clk 0:02:08]}  c6 {[%clk 0:02:42]} 14. Be2 {[%clk 0:01:32]}  Ne8 {[%clk 0:02:28]} 15. c5 {[%clk 0:01:28]}  d5 {[%clk 0:02:19]} 16. Bb2 {[%clk 0:01:07]}  Nc7 {[%clk 0:02:10]} 17. Bg4 {[%clk 0:01:05]}  Rf6 {[%clk 0:01:50]} 18. exd5 {[%clk 0:00:37]}  cxd5 {[%clk 0:01:49]} 19. Re1 {[%clk 0:00:38]}  e4 {[%clk 0:01:42]} 20. Nxe4 {[%clk 0:00:23]}  dxe4 {[%clk 0:01:39]} 21. Bxf6 {[%clk 0:00:23]}  Bxf6 {[%clk 0:01:35]} 22. Qxd8+ {[%clk 0:00:23]}  Rxd8 {[%clk 0:01:35]} 23. Rad1 {[%clk 0:00:24]}  Rxd1 {[%clk 0:01:23]} 24. Rxd1 {[%clk 0:00:25]}  Ned5 {[%clk 0:01:23]} 25. e7 {[%clk 0:00:16]}  Kf7 {[%clk 0:01:20]} 26. Rxd5 {[%clk 0:00:09]}  Nxd5 {[%clk 0:01:20]} 27. Be6+ {[%clk 0:00:09]}  Kxe7 {[%clk 0:01:19]} 28. Bxd5 {[%clk 0:00:10]}  b6 {[%clk 0:01:02]} 29. cxb6 {[%clk 0:00:06]}  axb6 {[%clk 0:01:03]} 30. Bxe4 {[%clk 0:00:06]}  g5 {[%clk 0:01:04]} 31. Kf1 {[%clk 0:00:06]}  Bc3 {[%clk 0:01:04]} 32. b5 {[%clk 0:00:06]}  Kd6 {[%clk 0:01:03]} 33. Ke2 {[%clk 0:00:06]}  Ke5 {[%clk 0:01:04]} 34. Bc6 {[%clk 0:00:06]}  Bd4 {[%clk 0:01:01]} 35. Kf3 {[%clk 0:00:06]}  Bc5 {[%clk 0:01:01]} 36. a4 {[%clk 0:00:05]}  Kf5 {[%clk 0:01:01]} 37. Bd7+ {[%clk 0:00:05]}  Kf6 {[%clk 0:01:02]} 38. g3 {[%clk 0:00:05]}  Ke5 {[%clk 0:01:01]} 39. Bc6 {[%clk 0:00:03]}  Bd4 {[%clk 0:00:58]} 40. gxf4+ {[%clk 0:00:04]}  gxf4 {[%clk 0:00:58]} 41. Kg2 {[%clk 0:00:04]}  Kf5 {[%clk 0:00:57]} 42. f3 {[%clk 0:00:04]}  Kg5 {[%clk 0:00:54]} 43. Kf1 {[%clk 0:00:03]}  Kh4 {[%clk 0:00:53]} 44. Bd7 {[%clk 0:00:04]}  Kg5 {[%clk 0:00:54]} 45. Kg2 {[%clk 0:00:04]}  Kf6 {[%clk 0:00:53]} 46. Kh3 {[%clk 0:00:04]}  Bg1 {[%clk 0:00:52]} 47. Bc6 {[%clk 0:00:05]}  Ke5 {[%clk 0:00:52]} 48. Kg2 {[%clk 0:00:06]}  Bc5 {[%clk 0:00:51]} 49. Kh3 {[%clk 0:00:04]}  Kf5 {[%clk 0:00:46]} 1/2-1/2

[Event "April 9 Early 2024"]
[Site "Chess.com"]
[Date "2024.04.09"]
[Round "2"]
[White "Solberg, Joachim"]
[Black "Kezin, Roman"]
[Result "0-1"]
[Board "89"]
[WhiteFideId "1502930"]
[BlackFideId "24124621"]
[WhiteTitle "FM"]
[BlackTitle "IM"]
[WhiteElo "2561"]
[BlackElo "2793"]
[WhiteTeam "NOR"]
[BlackTeam "RUS"]
[WhiteClock "0:00:43"]
[BlackClock "0:00:26"]
[Variant "Standard"]

1. e4 {[%clk 0:03:00]}  e5 {[%clk 0:02:59]} 2. Nf3 {[%clk 0:02:54]}  Qe7 {[%clk 0:02:59]} 3. Nc3 {[%clk 0:02:43]}  c6 {[%clk 0:02:59]} 4. d4 {[%clk 0:02:38]}  d6 {[%clk 0:02:59]} 5. Be2 {[%clk 0:02:38]}  Nf6 {[%clk 0:02:59]} 6. O-O {[%clk 0:02:38]}  g6 {[%clk 0:03:00]} 7. Re1 {[%clk 0:02:32]}  Bg7 {[%clk 0:02:59]} 8. a4 {[%clk 0:02:33]}  O-O {[%clk 0:02:56]} 9. h3 {[%clk 0:02:33]}  a5 {[%clk 0:02:55]} 10. Bf1 {[%clk 0:02:33]}  Na6 {[%clk 0:02:54]} 11. Be3 {[%clk 0:02:33]}  Nb4 {[%clk 0:02:47]} 12. Qd2 {[%clk 0:02:32]}  Re8 {[%clk 0:02:46]} 13. Rad1 {[%clk 0:02:31]}  Bd7 {[%clk 0:02:03]} 14. Bg5 {[%clk 0:02:24]}  exd4 {[%clk 0:01:56]} 15. Nxd4 {[%clk 0:02:16]}  Rad8 {[%clk 0:01:55]} 16. f3 {[%clk 0:02:05]}  Bc8 {[%clk 0:01:53]} 17. Nb1 {[%clk 0:01:59]}  h6 {[%clk 0:00:45]} 18. Bxh6 {[%clk 0:01:51]}  Bxh6 {[%clk 0:00:46]} 19. Qxh6 {[%clk 0:01:51]}  c5 {[%clk 0:00:46]} 20. c3 {[%clk 0:01:34]}  cxd4 {[%clk 0:00:36]} 21. cxb4 {[%clk 0:01:34]}  axb4 {[%clk 0:00:37]} 22. Rxd4 {[%clk 0:01:34]}  d5 {[%clk 0:00:37]} 23. e5 {[%clk 0:01:30]}  Qc5 {[%clk 0:00:36]} 24. Qe3 {[%clk 0:01:21]}  Nh5 {[%clk 0:00:28]} 25. f4 {[%clk 0:01:15]}  Ng7 {[%clk 0:00:27]} 26. Bd3 {[%clk 0:01:10]}  Bf5 {[%clk 0:00:26]} 27. Rc1 {[%clk 0:01:10]}  Qa7 {[%clk 0:00:26]} 28. Nd2 {[%clk 0:01:05]}  Ne6 {[%clk 0:00:25]} 29. Bxf5 {[%clk 0:01:02]}  Nxd4 {[%clk 0:00:24]} 30. Bd3 {[%clk 0:00:52]}  Ne2+ {[%clk 0:00:23]} 31. Kf2 {[%clk 0:00:52]}  Qxe3+ {[%clk 0:00:24]} 32. Kxe3 {[%clk 0:00:52]}  Nxc1 {[%clk 0:00:25]} 33. Bb5 {[%clk 0:00:51]}  d4+ {[%clk 0:00:26]} 34. Ke4 {[%clk 0:00:51]}  Re7 {[%clk 0:00:27]} 35. b3 {[%clk 0:00:49]}  Rc7 {[%clk 0:00:27]} 36. Bc4 {[%clk 0:00:49]}  Rxc4 {[%clk 0:00:25]} 37. bxc4 {[%clk 0:00:43]}  b3 {[%clk 0:00:26]} 0-1

[Event "April 9 Early 2024"]
[Site "Chess.com"]
[Date "2024.04.09"]
[Round "2"]
[White "Finek, Vaclav"]
[Black "Ahmad, Khagan"]
[Result "1-0"]
[Board "92"]
[WhiteFideId "23718293"]
[BlackFideId "13431552"]
[WhiteTitle "IM"]
[BlackTitle "FM"]
[WhiteElo "2791"]
[BlackElo "2557"]
[WhiteTeam "CZE"]
[BlackTeam "AZE"]
[WhiteClock "0:00:41"]
[BlackClock "0:00:02"]
[Variant "Standard"]

1. d4 {[%clk 0:03:00]}  Nf6 {[%clk 0:02:56]} 2. c4 {[%clk 0:03:00]}  e6 {[%clk 0:02:54]} 3. g3 {[%clk 0:03:00]}  d5 {[%clk 0:02:52]} 4. Bg2 {[%clk 0:02:58]}  Be7 {[%clk 0:02:52]} 5. Nf3 {[%clk 0:02:56]}  O-O {[%clk 0:02:52]} 6. O-O {[%clk 0:02:56]}  dxc4 {[%clk 0:02:53]} 7. Qc2 {[%clk 0:02:56]}  a6 {[%clk 0:02:53]} 8. a4 {[%clk 0:02:56]}  Bd7 {[%clk 0:02:53]} 9. Qxc4 {[%clk 0:02:55]}  Bc6 {[%clk 0:02:54]} 10. Bg5 {[%clk 0:02:49]}  a5 {[%clk 0:02:53]} 11. Nc3 {[%clk 0:02:47]}  Nbd7 {[%clk 0:02:52]} 12. Rfe1 {[%clk 0:02:39]}  Bb4 {[%clk 0:02:52]} 13. e4 {[%clk 0:02:34]}  h6 {[%clk 0:02:46]} 14. Bxf6 {[%clk 0:02:34]}  Qxf6 {[%clk 0:02:46]} 15. Rad1 {[%clk 0:02:29]}  Nb6 {[%clk 0:02:45]} 16. Qb3 {[%clk 0:02:28]}  Bxc3 {[%clk 0:02:40]} 17. Qxc3 {[%clk 0:02:29]}  Nxa4 {[%clk 0:02:39]} 18. Qc2 {[%clk 0:02:26]}  Qe7 {[%clk 0:02:22]} 19. d5 {[%clk 0:02:17]}  Be8 {[%clk 0:02:22]} 20. dxe6 {[%clk 0:02:15]}  fxe6 {[%clk 0:02:21]} 21. Rc1 {[%clk 0:02:11]}  Qb4 {[%clk 0:01:25]} 22. b3 {[%clk 0:01:45]}  Nb6 {[%clk 0:01:16]} 23. Qxc7 {[%clk 0:01:45]}  Rc8 {[%clk 0:00:49]} 24. Qxb7 {[%clk 0:01:43]}  Rxc1 {[%clk 0:00:43]} 25. Rxc1 {[%clk 0:01:44]}  Qxb3 {[%clk 0:00:43]} 26. Rc7 {[%clk 0:01:16]}  Rf7 {[%clk 0:00:27]} 27. Rxf7 {[%clk 0:01:10]}  Bxf7 {[%clk 0:00:27]} 28. Ne5 {[%clk 0:01:08]}  Bh5 {[%clk 0:00:26]} 29. g4 {[%clk 0:01:04]}  Bxg4 {[%clk 0:00:17]} 30. Qf7+ {[%clk 0:00:57]}  Kh7 {[%clk 0:00:16]} 31. Qg6+ {[%clk 0:00:48]}  Kg8 {[%clk 0:00:14]} 32. Nxg4 {[%clk 0:00:48]}  Kh8 {[%clk 0:00:07]} 33. Ne5 {[%clk 0:00:40]}  a4 {[%clk 0:00:03]} 34. Nf7+ {[%clk 0:00:40]}  Kg8 {[%clk 0:00:03]} 35. Nxh6+ {[%clk 0:00:41]}  Kh8 {[%clk 0:00:04]} 36. Nf7+ {[%clk 0:00:41]}  Kg8 {[%clk 0:00:05]} 37. Ng5 {[%clk 0:00:41]}  Qd1+ {[%clk 0:00:04]} 38. Bf1 {[%clk 0:00:41]}  Qg4+ {[%clk 0:00:02]} 39. Kh1 {[%clk 0:00:42]}  Nd7 {[%clk 0:00:02]} 40. Qf7+ {[%clk 0:00:40]}  Kh8 {[%clk 0:00:02]} 41. Qe8+ {[%clk 0:00:41]} 1-0

[Event "April 9 Early 2024"]
[Site "Chess.com"]
[Date "2024.04.09"]
[Round "2"]
[White "Migot, Tangi"]
[Black "Gabrielian, Artur"]
[Result "0-1"]
[Board "93"]
[WhiteFideId "662445"]
[BlackFideId "4131002"]
[WhiteTitle "IM"]
[BlackTitle "GM"]
[WhiteElo "2557"]
[BlackElo "2790"]
[WhiteTeam "FRA"]
[BlackTeam "RUS"]
[WhiteClock "0:00:44"]
[BlackClock "0:00:44"]
[Variant "Standard"]

1. e4 {[%clk 0:03:00]}  c5 {[%clk 0:02:59]} 2. Nf3 {[%clk 0:03:01]}  d6 {[%clk 0:02:59]} 3. d4 {[%clk 0:03:01]}  cxd4 {[%clk 0:03:00]} 4. Nxd4 {[%clk 0:03:02]}  Nf6 {[%clk 0:02:59]} 5. Nc3 {[%clk 0:03:03]}  Nc6 {[%clk 0:02:59]} 6. Bc4 {[%clk 0:03:01]}  e6 {[%clk 0:02:59]} 7. Bb3 {[%clk 0:03:01]}  Be7 {[%clk 0:02:59]} 8. Be3 {[%clk 0:03:01]}  a6 {[%clk 0:02:58]} 9. Qe2 {[%clk 0:03:01]}  Qc7 {[%clk 0:02:53]} 10. O-O-O {[%clk 0:03:01]}  Na5 {[%clk 0:02:54]} 11. g4 {[%clk 0:02:57]}  b5 {[%clk 0:02:53]} 12. Kb1 {[%clk 0:02:56]}  Nxb3 {[%clk 0:02:43]} 13. cxb3 {[%clk 0:02:55]}  Bb7 {[%clk 0:02:43]} 14. f3 {[%clk 0:02:53]}  O-O {[%clk 0:02:40]} 15. Rc1 {[%clk 0:02:53]}  Qd8 {[%clk 0:02:31]} 16. g5 {[%clk 0:02:52]}  Nd7 {[%clk 0:02:29]} 17. h4 {[%clk 0:02:52]}  b4 {[%clk 0:02:29]} 18. Na4 {[%clk 0:02:51]}  d5 {[%clk 0:02:29]} 19. Nc6 {[%clk 0:02:46]}  Bxc6 {[%clk 0:02:29]} 20. Rxc6 {[%clk 0:02:46]}  Ne5 {[%clk 0:02:24]} 21. Bb6 {[%clk 0:02:33]}  Qe8 {[%clk 0:02:18]} 22. Rc2 {[%clk 0:02:26]}  Bd6 {[%clk 0:02:09]} 23. f4 {[%clk 0:02:11]}  Nd7 {[%clk 0:01:46]} 24. e5 {[%clk 0:02:10]}  Be7 {[%clk 0:01:27]} 25. Bd4 {[%clk 0:02:02]}  Rc8 {[%clk 0:01:09]} 26. Qxa6 {[%clk 0:01:53]}  Rxc2 {[%clk 0:01:08]} 27. Kxc2 {[%clk 0:01:54]}  Nb8 {[%clk 0:01:06]} 28. Qb7 {[%clk 0:01:48]}  Nc6 {[%clk 0:01:06]} 29. Kd3 {[%clk 0:01:43]}  Nxd4 {[%clk 0:01:03]} 30. Kxd4 {[%clk 0:01:43]}  f6 {[%clk 0:00:59]} 31. gxf6 {[%clk 0:01:37]}  gxf6 {[%clk 0:00:59]} 32. Rg1+ {[%clk 0:01:29]}  Kh8 {[%clk 0:00:59]} 33. Kd3 {[%clk 0:01:09]}  fxe5 {[%clk 0:00:58]} 34. fxe5 {[%clk 0:01:09]}  Qf7 {[%clk 0:00:54]} 35. Qb6 {[%clk 0:00:58]}  Qf5+ {[%clk 0:00:51]} 36. Kd2 {[%clk 0:00:57]}  Bxh4 {[%clk 0:00:48]} 37. Qa7 {[%clk 0:00:51]}  Bg5+ {[%clk 0:00:45]} 38. Kd1 {[%clk 0:00:44]}  Qd3+ {[%clk 0:00:44]} 0-1

[Event "April 9 Early 2024"]
[Site "Chess.com"]
[Date "2024.04.09"]
[Round "2"]
[White "Antoniou, Rafail"]
[Black "Goltsev, Dmitry"]
[Result "0-1"]
[Board "96"]
[WhiteFideId "5904390"]
[BlackFideId "24176710"]
[WhiteTitle "CM"]
[BlackTitle "FM"]
[WhiteElo "2535"]
[BlackElo "2784"]
[WhiteTeam "CYP"]
[BlackTeam "RUS"]
[WhiteClock "0:00:53"]
[BlackClock "0:00:49"]
[Variant "Standard"]

1. c4 {[%clk 0:03:00]}  e5 {[%clk 0:02:59]} 2. Nc3 {[%clk 0:02:59]}  Bb4 {[%clk 0:02:59]} 3. Qc2 {[%clk 0:02:59]}  Nf6 {[%clk 0:02:59]} 4. Nf3 {[%clk 0:02:59]}  Nc6 {[%clk 0:02:59]} 5. e3 {[%clk 0:02:58]}  Bxc3 {[%clk 0:02:58]} 6. Qxc3 {[%clk 0:02:58]}  Qe7 {[%clk 0:02:56]} 7. b3 {[%clk 0:02:48]}  d6 {[%clk 0:02:54]} 8. Bb2 {[%clk 0:02:42]}  a5 {[%clk 0:02:55]} 9. a3 {[%clk 0:02:40]}  Bf5 {[%clk 0:02:54]} 10. d3 {[%clk 0:02:40]}  O-O {[%clk 0:02:52]} 11. Be2 {[%clk 0:02:40]}  Rfd8 {[%clk 0:02:41]} 12. O-O {[%clk 0:02:39]}  d5 {[%clk 0:02:36]} 13. cxd5 {[%clk 0:02:37]}  Nxd5 {[%clk 0:02:32]} 14. Qc2 {[%clk 0:02:33]}  e4 {[%clk 0:02:32]} 15. dxe4 {[%clk 0:02:24]}  Bxe4 {[%clk 0:02:33]} 16. Qc4 {[%clk 0:02:20]}  Nf6 {[%clk 0:02:23]} 17. Qc3 {[%clk 0:02:18]}  Rd5 {[%clk 0:02:20]} 18. Rac1 {[%clk 0:02:16]}  Rad8 {[%clk 0:02:18]} 19. Rfd1 {[%clk 0:02:15]}  Qd7 {[%clk 0:02:14]} 20. Rxd5 {[%clk 0:02:14]}  Qxd5 {[%clk 0:02:15]} 21. Rd1 {[%clk 0:02:07]}  Qxd1+ {[%clk 0:02:00]} 22. Bxd1 {[%clk 0:02:08]}  Rxd1+ {[%clk 0:02:01]} 23. Ne1 {[%clk 0:02:08]}  Ne5 {[%clk 0:01:27]} 24. h3 {[%clk 0:01:34]}  Nd3 {[%clk 0:01:22]} 25. Qd4 {[%clk 0:01:33]}  Rxe1+ {[%clk 0:01:16]} 26. Kh2 {[%clk 0:01:32]}  h6 {[%clk 0:01:08]} 27. Qd8+ {[%clk 0:01:29]}  Kh7 {[%clk 0:01:06]} 28. Bxf6 {[%clk 0:01:28]}  gxf6 {[%clk 0:01:07]} 29. Qxf6 {[%clk 0:01:29]}  Bg6 {[%clk 0:01:07]} 30. Qc3 {[%clk 0:01:25]}  Re2 {[%clk 0:01:07]} 31. Qxc7 {[%clk 0:01:21]}  b5 {[%clk 0:01:02]} 32. Kg3 {[%clk 0:00:58]}  Nxf2 {[%clk 0:00:57]} 33. Qxa5 {[%clk 0:00:58]}  Ne4+ {[%clk 0:00:52]} 34. Kf4 {[%clk 0:00:58]}  h5 {[%clk 0:00:49]} 35. Qxb5 {[%clk 0:00:53]}  Rf2+ {[%clk 0:00:49]} 0-1

[Event "April 9 Early 2024"]
[Site "Chess.com"]
[Date "2024.04.09"]
[Round "2"]
[White "Riehle, Marco"]
[Black "Barath Kalyan M"]
[Result "1-0"]
[Board "97"]
[WhiteFideId "12904392"]
[BlackFideId "25016555"]
[WhiteTitle "FM"]
[BlackTitle "CM"]
[WhiteElo "2784"]
[BlackElo "2523"]
[WhiteTeam "GER"]
[BlackTeam "IND"]
[WhiteClock "0:00:46"]
[BlackClock "0:00:11"]
[Variant "Standard"]

1. e4 {[%clk 0:02:59]}  c5 {[%clk 0:02:59]} 2. a3 {[%clk 0:02:59]}  e6 {[%clk 0:02:57]} 3. b4 {[%clk 0:02:58]}  cxb4 {[%clk 0:02:57]} 4. axb4 {[%clk 0:02:59]}  Bxb4 {[%clk 0:02:57]} 5. Bb2 {[%clk 0:02:59]}  Nf6 {[%clk 0:02:57]} 6. e5 {[%clk 0:02:59]}  Nd5 {[%clk 0:02:56]} 7. c4 {[%clk 0:02:59]}  Nb6 {[%clk 0:02:55]} 8. Ra3 {[%clk 0:02:59]}  Bxa3 {[%clk 0:02:45]} 9. Bxa3 {[%clk 0:03:00]}  Nc6 {[%clk 0:02:46]} 10. Qg4 {[%clk 0:02:57]}  g6 {[%clk 0:02:44]} 11. Nf3 {[%clk 0:02:57]}  Ne7 {[%clk 0:02:40]} 12. Nc3 {[%clk 0:02:47]}  O-O {[%clk 0:02:34]} 13. Ne4 {[%clk 0:02:46]}  Nf5 {[%clk 0:02:25]} 14. Nf6+ {[%clk 0:02:43]}  Kg7 {[%clk 0:02:24]} 15. h4 {[%clk 0:02:27]}  Rh8 {[%clk 0:02:07]} 16. h5 {[%clk 0:02:26]}  h6 {[%clk 0:02:07]} 17. Bd3 {[%clk 0:02:21]}  d6 {[%clk 0:02:06]} 18. hxg6 {[%clk 0:02:11]}  fxg6 {[%clk 0:02:05]} 19. Bxd6 {[%clk 0:02:09]}  Nxc4 {[%clk 0:01:57]} 20. Bxc4 {[%clk 0:02:02]}  Nxd6 {[%clk 0:01:56]} 21. Nh5+ {[%clk 0:01:59]}  Kh7 {[%clk 0:01:56]} 22. exd6 {[%clk 0:01:57]}  e5 {[%clk 0:01:44]} 23. Qg3 {[%clk 0:01:54]}  e4 {[%clk 0:01:36]} 24. Bf7 {[%clk 0:01:35]}  Bf5 {[%clk 0:01:31]} 25. Nh4 {[%clk 0:01:30]}  Qg5 {[%clk 0:00:58]} 26. Qe5 {[%clk 0:00:56]}  gxh5 {[%clk 0:00:43]} 27. Nxf5 {[%clk 0:00:51]}  e3 {[%clk 0:00:24]} 28. dxe3 {[%clk 0:00:48]}  h4 {[%clk 0:00:11]} 29. Rxh4 {[%clk 0:00:46]} 1-0